Chansons de Brassens - Statistiques

Statistiques générales
  • Ce quiz a été pris 202 fois
  • Le résultat moyen est 4 sur 11
Answers on the Grid
Answers color-coded by a green-red scale on the quiz's grid according to % correct below.
Le nombril de la femme d'un flic
Le gorille
Un petit coin de parapluie
La valse à mille temps
Chanson pour l'auvergnat
Les sabots d'Hélène
Le temps passé
Avec le temps
La montagne
Maman, papa
La mauvaise herbe
La tondue
La poule de Jeanne
Hécatombe
Oncle Anatole
Le temps ne fait rien à l'affaire
La ronde des jurons
La guerre de 39-45
Nationale 7
La tendresse
Le tord-boyaux
Le temps des copains
Les passantes
Germaine
 
Statistiques - réponses
Réponse % Correct
Le gorille
94%
Chanson pour l'auvergnat
65%
Les sabots d'Hélène
49%
Les passantes
36%
Le temps ne fait rien à l'affaire
35%
Hécatombe
31%
La mauvaise herbe
29%
La ronde des jurons
27%
La tondue
21%
Maman, papa
20%
Le temps passé
10%
Aucun quiz correspondant
Distribution des résultats
% des personnes avec chaque résultat
Percentile par nombre de réponses
Votre historique - résultats
Vous n’avez pas pris ce quiz